[Event "George Trundle Reserves 2016"]
[Site "Auckland"]
[Date "2016.07.10"]
[Round "2.1"]
[White "Jia, Hao"]
[Black "Eade, Don"]
[Result "1-0"]
[LiveChessVersion "1.4.8"]
[BlackElo "1837"]
[WhiteElo "1930"]

1. e4 {[%clk 1:30:56]} c5 {[%clk 1:30:01]} 2. Nf3 {[%clk 1:30:46]} d6
{[%clk 1:30:01]} 3. d4 {[%clk 1:30:12]} cxd4 {[%clk 1:30:23]} 4. Nxd4
{[%clk 1:30:38]} Nf6 {[%clk 1:30:45]} 5. Bd3 {[%clk 1:28:13]} g6 {[%clk 1:29:59]}
6. O-O {[%clk 1:25:26]} Bg7 {[%clk 1:29:19]} 7. c3 {[%clk 1:22:03]} O-O
{[%clk 1:29:15]} 8. Nd2 {[%clk 1:20:23]} Nbd7 {[%clk 1:27:04]} 9. Re1
{[%clk 1:11:52]} b6 {[%clk 1:22:37]} 10. a4 {[%clk 0:59:34]} Bb7 {[%clk 1:21:43]}
11. a5 {[%clk 0:58:05]} Nc5 {[%clk 1:19:41]} 12. Bc2 {[%clk 0:52:56]} e5
{[%clk 1:16:41]} 13. N4b3 {[%clk 0:51:54]} d5 {[%clk 1:12:35]} 14. Nxc5
{[%clk 0:45:02]} bxc5 {[%clk 1:10:55]} 15. exd5 {[%clk 0:45:18]} Nxd5
{[%clk 1:08:30]} 16. Nc4 {[%clk 0:43:01]} f6 {[%clk 1:03:24]} 17. Be4
{[%clk 0:38:46]} a6 {[%clk 0:58:04]} 18. Qb3 {[%clk 0:35:05]} Rb8
{[%clk 0:42:11]} 19. Nb6 {[%clk 0:34:27]} c4 {[%clk 0:39:52]} 20. Qxc4
{[%clk 0:33:01]} Kh8 {[%clk 0:38:30]} 21. Bxd5 {[%clk 0:32:41]} Qd6
{[%clk 0:37:48]} 22. Bxb7 {[%clk 0:30:39]} Rxb7 {[%clk 0:37:59]} 23. Be3
{[%clk 0:24:32]} Rc7 {[%clk 0:36:27]} 24. Qd5 {[%clk 0:23:44]} Qe7
{[%clk 0:36:33]} 25. Red1 {[%clk 0:23:00]} f5 {[%clk 0:34:04]} 26. b4
{[%clk 0:19:28]} f4 {[%clk 0:30:10]} 27. Bc5 {[%clk 0:19:06]} Rxc5
{[%clk 0:30:10]} 28. Qxc5 {[%clk 0:19:23]} Qh4 {[%clk 0:28:41]} 29. Rd7
{[%clk 0:15:28]} e4 {[%clk 0:27:05]} 30. Qe7 {[%clk 0:15:12]} Qh6
{[%clk 0:25:13]} 31. Qxg7+ {[%clk 0:15:14]} Qxg7 {[%clk 0:25:35]} 32. Rxg7
{[%clk 0:15:35]} Kxg7 {[%clk 0:25:57]} 33. Re1 {[%clk 0:15:58]} 1-0

[Event "George Trundle Reserves 2016"]
[Site "Auckland"]
[Date "2016.07.10"]
[Round "2.2"]
[White "Lyall, Simon"]
[Black "Braganza, Nadia"]
[Result "1-0"]
[LiveChessVersion "1.4.8"]
[BlackElo "1358"]
[WhiteElo "1762"]

1. e4 {[%clk 1:30:57]} c5 {[%clk 1:30:50]} 2. c3 {[%clk 1:31:22]} Nf6
{[%clk 1:31:07]} 3. e5 {[%clk 1:31:27]} Nd5 {[%clk 1:31:17]} 4. d4
{[%clk 1:31:00]} cxd4 {[%clk 1:30:56]} 5. cxd4 {[%clk 1:30:29]} Nc6
{[%clk 1:29:38]} 6. Nf3 {[%clk 1:30:44]} d6 {[%clk 1:28:49]} 7. Nc3
{[%clk 1:24:30]} dxe5 {[%clk 1:26:33]} 8. dxe5 {[%clk 1:22:45]} Nxc3
{[%clk 1:26:15]} 9. Qxd8+ {[%clk 1:22:24]} Nxd8 {[%clk 1:26:21]} 10. bxc3
{[%clk 1:22:07]} Nc6 {[%clk 1:25:47]} 11. Bb5 {[%clk 1:20:25]} Bd7
{[%clk 1:22:04]} 12. Rb1 {[%clk 1:04:35]} O-O-O {[%clk 1:00:55]} 13. Be3
{[%clk 0:54:07]} Kb8 {[%clk 0:59:06]} 14. O-O {[%clk 0:52:24]} b6
{[%clk 0:37:58]} 15. Rfd1 {[%clk 0:46:38]} Kc7 {[%clk 0:37:30]} 16. Bf4
{[%clk 0:40:59]} e6 {[%clk 0:36:31]} 17. Ng5 {[%clk 0:38:58]} Be8
{[%clk 0:23:24]} 18. Rxd8 {[%clk 0:37:44]} Kxd8 {[%clk 0:23:44]} 19. Bxc6
{[%clk 0:37:38]} Bxc6 {[%clk 0:23:03]} 20. Nxf7+ {[%clk 0:37:55]} Ke8
{[%clk 0:23:11]} 21. Nxh8 {[%clk 0:37:20]} Bc5 {[%clk 0:23:22]} 22. Bg5
{[%clk 0:32:48]} Kf8 {[%clk 0:22:56]} 23. Rd1 {[%clk 0:32:47]} a5
{[%clk 0:20:55]} 24. Rd8+ {[%clk 0:31:29]} Be8 {[%clk 0:21:13]} 25. Rc8
{[%clk 0:30:17]} Ba3 {[%clk 0:19:44]} 26. Kf1 {[%clk 0:28:57]} Bc5
{[%clk 0:18:49]} 27. Ke2 {[%clk 0:28:23]} a4 {[%clk 0:19:06]} 28. Be3
{[%clk 0:27:12]} Bxe3 {[%clk 0:18:49]} 29. Kxe3 {[%clk 0:27:31]} b5
{[%clk 0:19:02]} 30. Kd4 {[%clk 0:27:38]} Ke7 {[%clk 0:19:05]} 31. Rxe8+
{[%clk 0:27:39]} Kxe8 {[%clk 0:19:19]} 32. Kc5 {[%clk 0:28:05]} Kf8
{[%clk 0:19:09]} 33. Kxb5 {[%clk 0:28:22]} Kg8 {[%clk 0:19:29]} 34. c4
{[%clk 0:28:34]} Kxh8 {[%clk 0:19:49]} 35. c5 {[%clk 0:28:52]} Kg8
{[%clk 0:20:11]} 36. c6 {[%clk 0:29:13]} Kf7 {[%clk 0:20:33]} 37. c7
{[%clk 0:29:32]} Kg6 {[%clk 0:20:57]} 38. c8=Q {[%clk 0:29:19]} Kf5
{[%clk 0:21:17]} 39. Qc7 {[%clk 0:29:04]} g5 {[%clk 0:21:22]} 40. Kxa4
{[%clk 0:58:46]} h6 {[%clk 0:51:37]} 41. Kb4 {[%clk 0:59:01]} Kg6
{[%clk 0:51:35]} 42. a4 {[%clk 0:59:15]} Kf5 {[%clk 0:51:57]} 43. a5
{[%clk 0:59:38]} Kg6 {[%clk 0:52:09]} 44. a6 {[%clk 1:00:03]} Kf5
{[%clk 0:52:32]} 45. a7 {[%clk 1:00:27]} Kg6 {[%clk 0:52:53]} 46. a8=Q
{[%clk 1:00:49]} Kh5 {[%clk 0:53:06]} 47. Qf7+ {[%clk 1:00:47]} Kh4
{[%clk 0:53:21]} 48. Qe4+ {[%clk 1:00:50]} g4 {[%clk 0:53:32]} 49. Qf6+
{[%clk 1:01:07]} Kh5 {[%clk 0:53:44]} 50. Qeg6# {[%clk 1:01:30]} 1-0

[Event "George Trundle Reserves 2016"]
[Site "Auckland"]
[Date "2016.07.10"]
[Round "2.3"]
[White "Hair, Philip I"]
[Black "Taylor, Richard"]
[Result "1/2-1/2"]
[LiveChessVersion "1.4.8"]
[BlackElo "1866"]
[WhiteElo "1907"]

1. e4 {[%clk 1:30:54]} c5 {[%clk 1:30:52]} 2. Nc3 {[%clk 1:31:16]} Nc6
{[%clk 1:31:16]} 3. g3 {[%clk 1:31:39]} g6 {[%clk 1:31:37]} 4. Bg2
{[%clk 1:32:02]} Bg7 {[%clk 1:32:00]} 5. d3 {[%clk 1:32:17]} d6 {[%clk 1:32:17]}
6. Be3 {[%clk 1:32:20]} Nf6 {[%clk 1:32:28]} 7. h3 {[%clk 1:32:42]} Rb8
{[%clk 1:32:24]} 8. Qd2 {[%clk 1:32:38]} O-O {[%clk 1:32:25]} 9. Bh6
{[%clk 1:32:55]} b5 {[%clk 1:32:23]} 10. Bxg7 {[%clk 1:33:18]} Kxg7
{[%clk 1:32:51]} 11. f4 {[%clk 1:32:33]} b4 {[%clk 1:31:40]} 12. Nd5
{[%clk 1:04:53]} Nxd5 {[%clk 1:25:21]} 13. exd5 {[%clk 1:05:02]} Nd4
{[%clk 1:24:55]} 14. Ne2 {[%clk 0:59:58]} Nxe2 {[%clk 1:20:57]} 15. Qxe2
{[%clk 1:00:05]} e6 {[%clk 1:19:53]} 16. dxe6 {[%clk 0:56:43]} Bxe6
{[%clk 1:13:36]} 17. O-O {[%clk 0:56:04]} Qf6 {[%clk 1:10:40]} 18. b3
{[%clk 0:48:40]} Rbe8 {[%clk 1:05:08]} 19. Qf2 {[%clk 0:47:52]} h5
{[%clk 1:02:33]} 20. a3 {[%clk 0:42:45]} a5 {[%clk 1:01:07]} 21. axb4
{[%clk 0:43:09]} axb4 {[%clk 1:01:35]} 22. Ra6 {[%clk 0:43:04]} Bc8
{[%clk 0:56:26]} 23. Ra7 {[%clk 0:39:04]} Re7 {[%clk 0:49:47]} 24. Rxe7
{[%clk 0:36:14]} Qxe7 25. Re1 Qf6 {[%clk 0:49:47]} 26. Re2 {[%clk 0:24:03]} Qc3
{[%clk 0:46:46]} 27. Kh2 {[%clk 0:18:58]} Bf5 {[%clk 0:45:49]} 28. Be4
{[%clk 0:13:23]} Bxe4 {[%clk 0:42:16]} 29. Rxe4 {[%clk 0:12:01]} Ra8
{[%clk 0:41:07]} 30. Rc4 {[%clk 0:06:02]} Qf6 {[%clk 0:37:48]} 31. d4
{[%clk 0:05:57]} cxd4 {[%clk 0:35:55]} 32. Qxd4 {[%clk 0:05:49]} Ra2
{[%clk 0:35:18]} 33. Qxf6+ {[%clk 0:06:01]} Kxf6 {[%clk 0:35:47]} 34. g4
{[%clk 0:05:51]} h4 {[%clk 0:35:11]} 35. Kg2 {[%clk 0:03:42]} d5 {[%clk 0:34:56]}
36. Rc6+ {[%clk 0:02:42]} Ke7 {[%clk 0:34:25]} 37. Kf3 {[%clk 0:01:45]} Ra1
{[%clk 0:33:51]} 38. f5 {[%clk 0:01:31]} gxf5 {[%clk 0:31:54]} 39. gxf5
{[%clk 0:01:56]} Rg1 {[%clk 0:32:05]} 40. Rc5 {[%clk 0:00:49]} Rg3+
{[%clk 0:29:31]} 41. Kf4 {[%clk 0:31:09]} Kd6 {[%clk 0:56:46]} 1/2-1/2

[Event "George Trundle Reserves 2016"]
[Site "Auckland"]
[Date "2016.07.10"]
[Round "2.4"]
[White "Song, Kate"]
[Black "Mukkattu, Philip"]
[Result "1/2-1/2"]
[LiveChessVersion "1.4.8"]
[BlackElo "1658"]
[WhiteElo "1695"]

1. e4 {[%clk 1:30:58]} c6 {[%clk 1:30:59]} 2. d4 {[%clk 1:31:22]} d5
{[%clk 1:31:22]} 3. e5 {[%clk 1:31:48]} Bf5 {[%clk 1:31:43]} 4. Nf3
{[%clk 1:32:10]} e6 {[%clk 1:29:44]} 5. Be2 {[%clk 1:32:08]} c5 {[%clk 1:28:01]}
6. c3 {[%clk 1:31:25]} cxd4 {[%clk 1:23:44]} 7. cxd4 {[%clk 1:31:39]} Bxb1
{[%clk 1:23:34]} 8. Rxb1 {[%clk 1:31:24]} Nc6 {[%clk 1:17:40]} 9. O-O
{[%clk 1:31:35]} Nge7 {[%clk 1:18:00]} 10. a3 {[%clk 1:30:36]} g6
{[%clk 1:16:53]} 11. Bg5 {[%clk 1:29:25]} Bg7 {[%clk 1:16:54]} 12. b4
{[%clk 1:28:11]} O-O {[%clk 1:11:24]} 13. Qd2 {[%clk 1:26:45]} Rc8
{[%clk 1:07:30]} 14. Bd3 {[%clk 1:25:23]} Qd7 {[%clk 1:06:34]} 15. b5
{[%clk 1:24:25]} Nb8 {[%clk 1:04:07]} 16. Rfc1 {[%clk 1:21:55]} Rxc1+
{[%clk 1:00:48]} 17. Rxc1 {[%clk 1:22:12]} Nc8 {[%clk 0:57:48]} 18. Qa5
{[%clk 1:20:31]} b6 {[%clk 0:52:05]} 19. Qd2 {[%clk 1:18:21]} f6 {[%clk 0:41:38]}
20. exf6 {[%clk 1:16:11]} Bxf6 {[%clk 0:40:26]} 21. Bf4 {[%clk 1:13:33]} Nd6
{[%clk 0:34:01]} 22. Ne5 {[%clk 1:13:26]} Bxe5 {[%clk 0:28:51]} 23. Bxe5
{[%clk 1:13:32]} Nc4 {[%clk 0:21:22]} 24. Bxc4 {[%clk 1:12:48]} dxc4
{[%clk 0:21:51]} 25. a4 {[%clk 1:12:15]} Rc8 {[%clk 0:15:35]} 26. Qf4
{[%clk 1:10:59]} Rf8 {[%clk 0:14:43]} 27. Qg3 {[%clk 1:11:20]} Qc8
{[%clk 0:13:32]} 28. Bxb8 {[%clk 1:10:59]} Qxb8 {[%clk 0:13:51]} 29. Qxb8
{[%clk 1:11:23]} Rxb8 {[%clk 0:14:15]} 30. Rxc4 {[%clk 1:11:47]} Rd8
{[%clk 0:14:41]} 31. f3 {[%clk 1:12:06]} Rd7 {[%clk 0:13:37]} 32. Kf2
{[%clk 1:12:27]} Kf7 {[%clk 0:12:42]} 33. Ke3 {[%clk 1:12:47]} Kf6
{[%clk 0:11:20]} 34. Ke4 {[%clk 1:10:45]} Kf7 {[%clk 0:08:58]} 35. Rc6
{[%clk 1:09:28]} Kf6 {[%clk 0:08:53]} 36. h4 {[%clk 1:09:31]} h5 {[%clk 0:08:36]}
37. g4 {[%clk 1:09:34]} hxg4 {[%clk 0:08:26]} 38. fxg4 {[%clk 1:09:58]} Kf7
{[%clk 0:06:20]} 39. Rc8 {[%clk 1:08:57]} Ke7 {[%clk 0:03:16]} 40. Rh8
{[%clk 1:39:06]} Kf6 {[%clk 0:32:53]} 41. g5+ {[%clk 1:39:32]} Kg7
{[%clk 0:31:59]} 42. Rc8 {[%clk 1:39:03]} Kf7 {[%clk 0:32:10]} 43. Rc3
{[%clk 1:39:15]} Ke7 {[%clk 0:31:56]} 44. Rf3 {[%clk 1:39:35]} Kd6
{[%clk 0:29:29]} 45. Rf6 {[%clk 1:39:51]} Rh7 {[%clk 0:29:32]} 46. Rxg6
{[%clk 1:39:28]} Rxh4+ {[%clk 0:29:53]} 47. Kd3 {[%clk 1:39:56]} Kd5
{[%clk 0:28:47]} 48. Kc3 {[%clk 1:38:32]} Rxd4 {[%clk 0:24:27]} 49. Kb3
{[%clk 1:39:01]} e5 {[%clk 0:23:02]} 50. Rg8 {[%clk 1:39:08]} e4 {[%clk 0:21:40]}
51. g6 {[%clk 1:38:59]} Rd3+ {[%clk 0:20:57]} 52. Kc2 {[%clk 1:37:10]} Rg3
{[%clk 0:19:21]} 53. g7 {[%clk 1:37:32]} Ke6 {[%clk 0:15:57]} 54. Re8+
{[%clk 1:36:46]} Kf7 {[%clk 0:16:25]} 55. Rxe4 {[%clk 1:36:56]} Rxg7
{[%clk 0:16:01]} 56. Kc3 {[%clk 1:37:11]} Kf6 {[%clk 0:15:27]} 57. Kb4
{[%clk 1:36:34]} Kf5 {[%clk 0:15:22]} 58. Re3 {[%clk 1:36:16]} Rg4+
{[%clk 0:13:55]} 59. Kb3 {[%clk 1:36:34]} Kf6 {[%clk 0:13:51]} 60. Rc3
{[%clk 1:36:43]} Rg7 {[%clk 0:13:59]} 61. Rc4 {[%clk 1:36:22]} Ke5
{[%clk 0:14:08]} 62. Kb4 {[%clk 1:36:32]} Kd5 {[%clk 0:13:52]} 63. Rh4
{[%clk 1:36:39]} Re7 {[%clk 0:13:37]} 64. Rh1 {[%clk 1:36:03]} Re4+
{[%clk 0:14:01]} 65. Kb3 {[%clk 1:36:20]} Re3+ {[%clk 0:14:12]} 66. Kb4
{[%clk 1:36:35]} Re4+ {[%clk 0:14:41]} 67. Kb3 {[%clk 1:36:59]} 1/2-1/2

[Event "George Trundle Reserves 2016"]
[Site "Auckland"]
[Date "2016.07.10"]
[Round "2.5"]
[White "Yan, Caroline"]
[Black "Punsalan, Vyanla M"]
[Result "0-1"]
[LiveChessVersion "1.4.8"]
[BlackElo "1649"]
[WhiteElo "1743"]

1. d4 {[%clk 1:30:58]} d5 {[%clk 1:30:52]} 2. c4 {[%clk 1:31:23]} c6
{[%clk 1:31:01]} 3. Nc3 {[%clk 1:31:46]} Nf6 {[%clk 1:31:19]} 4. cxd5
{[%clk 1:32:08]} cxd5 {[%clk 1:31:28]} 5. Nf3 {[%clk 1:31:56]} Nc6
{[%clk 1:31:24]} 6. Bf4 {[%clk 1:31:00]} e6 {[%clk 1:30:53]} 7. a3
{[%clk 1:30:59]} Bd6 {[%clk 1:29:53]} 8. Bxd6 {[%clk 1:26:35]} Qxd6
{[%clk 1:29:19]} 9. e3 {[%clk 1:25:56]} O-O {[%clk 1:28:01]} 10. Rc1
{[%clk 1:22:31]} Bd7 {[%clk 1:26:25]} 11. Nb5 {[%clk 1:17:06]} Qe7
{[%clk 1:24:25]} 12. Be2 {[%clk 1:11:58]} a6 {[%clk 1:22:06]} 13. Nc3
{[%clk 1:12:15]} Rac8 {[%clk 1:21:25]} 14. O-O {[%clk 1:09:47]} h6
{[%clk 1:20:10]} 15. Na4 {[%clk 1:07:11]} Rc7 {[%clk 1:17:33]} 16. Ne5
{[%clk 1:05:30]} Be8 {[%clk 1:11:24]} 17. Nxc6 {[%clk 1:01:15]} Bxc6
{[%clk 1:10:55]} 18. Nc5 {[%clk 1:01:10]} Rfc8 {[%clk 1:09:49]} 19. b4
{[%clk 0:59:52]} Qe8 {[%clk 1:07:56]} 20. Qb3 {[%clk 0:58:50]} Bb5
{[%clk 1:03:07]} 21. Bxb5 {[%clk 0:57:14]} axb5 {[%clk 0:59:55]} 22. Qb2
{[%clk 0:57:00]} Nd7 {[%clk 0:57:55]} 23. Nxd7 {[%clk 0:49:18]} Qxd7
{[%clk 0:57:40]} 24. Rxc7 {[%clk 0:46:42]} Rxc7 {[%clk 0:57:33]} 25. Rc1
{[%clk 0:40:30]} Rc4 {[%clk 0:54:57]} 26. Rxc4 {[%clk 0:34:56]} dxc4
{[%clk 0:54:32]} 27. Qc3 {[%clk 0:34:47]} e5 {[%clk 0:54:11]} 28. Kf1
{[%clk 0:28:45]} exd4 {[%clk 0:52:07]} 29. exd4 {[%clk 0:27:04]} Qf5
{[%clk 0:51:31]} 30. f3 {[%clk 0:25:39]} Qb1+ {[%clk 0:50:39]} 31. Kf2
{[%clk 0:24:44]} Qa2+ {[%clk 0:50:09]} 32. Kf1 {[%clk 0:21:12]} Qb3
{[%clk 0:47:44]} 33. Qd2 {[%clk 0:07:58]} Qxa3 {[%clk 0:44:39]} 34. Ke2
{[%clk 0:07:48]} c3 {[%clk 0:43:22]} 35. Qc2 {[%clk 0:04:13]} Qxb4
{[%clk 0:42:53]} 36. Kd3 {[%clk 0:03:07]} Qc4+ {[%clk 0:42:56]} 37. Ke4
{[%clk 0:03:14]} b4 {[%clk 0:42:59]} 38. Ke5 {[%clk 0:03:13]} b3 {[%clk 0:42:50]}
39. Qc1 {[%clk 0:03:20]} c2 0-1